000 00505nam a2200193Ia 4500
005 20250425162645.0
008 250425s9999 xx 000 0 und d
020 _a0520021134
041 _aeng
082 _a639.3
245 0 _aLIGHT'S MANUAL: INTERTIDAL INVERTEBRATES OF THE CENTRAL CALIFORNIA COAST
250 _aTHE RE
260 _aEstados Unidos
_bUNIVERSITY OF CALIFORNIA PRESS
_c1975
260 _aNEW YORK
300 _a715
650 _aINVERTEBRADOS
942 _c01
010 _a94771
999 _c233755
_d233755